Culture Générale - Série 2514 - Statistiques

Statistiques générales
  • Ce quiz a été pris 89 fois
  • Le résultat moyen est 4 sur 10
Statistiques - réponses
Question Réponse % Correct
De quel élément chimique "mg" est-il le symbole ? magnésium
94%
Quel mot d'origine japonaise est l'art du pliage du papier ? origami
93%
Dans quelle ville peut-on visiter le musée incontournable sur la bataille de Normandie et l'histoire du XXe siècle ? Caen
60%
A quel pays appartient l'île d' Égine ? Grèce
59%
A quel pays appartient l'île de Vis ? Croatie
22%
Baquet servant au transport des matières fécales - 7 lettres commençant par " t " tinette
15%
Quel fleuve arrose la ville de Béziers ? Orb
11%
Quelle femme de lettres américaine d'origine franco-cubaine est l'auteur de " Vénus érotica" ? voir photo Anaïs Nin
9%
Héroïne de la mythologie grecque ayant pris part à des quêtes collectives importantes : la chasse au sanglier de Calydon et parfois le voyage des Argonautes. Elle a inspiré les artistes depuis l'Antiquité jusqu'à l'époque actuelle. Atalante
4%
Grand crabe communément appelé araignée de mer - déesse romaine de la fertilité et du printemps -prénom féminin maïa
4%
Aucun quiz correspondant
Distribution des résultats
% des personnes avec chaque résultat
Percentile par nombre de réponses
Votre historique - résultats
Vous n’avez pas pris ce quiz